[Event "4NCL/Div2/GWE-TWR"]
[Site "Rd7-Birmingham"]
[Date "2000.03.25"]
[Round "7.8"]
[White "Barnes, Lara"]
[Black "Blackburn, Suzie"]
[Result "1-0"]
[WhiteElo "1640"]
[BlackElo "1496"]
[PlyCount "71"]
[EventDate "2000.03.25"]
[Source "Britbase"]
[SourceDate "2000.01.01"]

1. e3 e6 2. f4 b6 3. Nf3 Bb7 4. Be2 g6 5. Nc3 Bg7 6. d3 Ne7 7. O-O O-O 8. Qe1
d6 9. Bd2 Nd7 10. e4 Nc5 11. Qh4 Nc6 12. Qh3 Nb4 13. Bd1 Qc8 14. a3 Nc6 15. Rb1
Nd4 16. b4 Nxf3+ 17. Bxf3 Nd7 18. Ne2 c5 19. c3 Qe8 20. Kh1 f5 21. Ng1 fxe4 22.
Bxe4 Bxe4 23. dxe4 Rc8 24. Nf3 Bf6 25. Rbd1 cxb4 26. cxb4 Qf7 27. Bc1 Be7 28.
e5 d5 29. Nd4 Rfe8 30. Qxe6 Qxe6 31. Nxe6 Bxb4 32. axb4 Rxe6 33. Rxd5 Rec6 34.
Be3 Nf8 35. h3 Rc4 36. b5 1-0

[Event "4NCL/Div2/IIT2-PER"]
[Site "Rd7-Birmingham"]
[Date "2000.03.25"]
[Round "7.1"]
[White "Farndon, David"]
[Black "Hunt, Adam"]
[Result "1/2-1/2"]
[WhiteElo "2253"]
[BlackElo "2388"]
[PlyCount "105"]
[EventDate "2000.03.25"]
[Source "Britbase"]
[SourceDate "2000.01.01"]

1. c4 g6 2. g3 Bg7 3. Bg2 d6 4. Nc3 Nf6 5. d3 O-O 6. Rb1 c5 7. a3 a5 8. Nf3 Nc6
9. O-O e5 10. Bg5 h6 11. Bxf6 Bxf6 12. Nd2 Be6 13. Nde4 Be7 14. Nd5 Bxd5 15.
cxd5 Nb8 16. b4 f5 17. Nc3 axb4 18. axb4 Na6 19. bxc5 Nxc5 20. d4 exd4 21. Qxd4
Bf6 22. Qb4 Re8 23. Bf3 Qe7 24. Rfd1 Kh7 25. Ra1 Qe5 26. Rxa8 Rxa8 27. Nb5 Ra4
28. Qb1 Qe7 29. Qc2 Qd8 30. Rb1 Be5 31. Kg2 Qa5 32. h4 h5 33. Qc1 f4 34. g4
hxg4 35. Bxg4 Rb4 36. Rxb4 Qxb4 37. Nc7 Qe4+ 38. Bf3 Qf5 39. Ne6 b6 40. Qc4 Bf6
41. Qa2 Nxe6 42. dxe6 Bxh4 43. Qa7+ Kh6 44. Qxb6 Qxe6 45. Qd4 Qf6 46. Qxf6 Bxf6
47. Bg4 Bd4 48. Kf3 Kg5 49. Be6 Kf6 50. Bh3 Ke5 51. e3 fxe3 52. fxe3 Bc5 53. e4
1/2-1/2

[Event "4NCL/Div2/IIT2-PER"]
[Site "Rd7-Birmingham"]
[Date "2000.03.25"]
[Round "7.2"]
[White "Taylor, Martin"]
[Black "Alfred, Nathan"]
[Result "1/2-1/2"]
[WhiteElo "2159"]
[BlackElo "2200"]
[PlyCount "125"]
[EventDate "2000.03.25"]
[Source "Britbase"]
[SourceDate "2000.01.01"]

1. c4 Nf6 2. g3 g6 3. Bg2 Bg7 4. Nc3 O-O 5. e4 c5 6. Nge2 Nc6 7. d3 d6 8. O-O
Bg4 9. f3 Bd7 10. Be3 Ne8 11. Rb1 Nc7 12. d4 cxd4 13. Nxd4 a6 14. Nd5 Nxd4 15.
Bxd4 Bxd4+ 16. Qxd4 b5 17. Rfc1 bxc4 18. Nxc7 Qxc7 19. Bf1 Qa7 20. Qxa7 Rxa7
21. Bxc4 Kg7 22. Rc3 Rb8 23. Ra3 Bb5 24. Bxb5 Rxb5 25. Kg2 a5 26. Rc3 Rab7 27.
Rc2 f5 28. exf5 gxf5 29. f4 e5 30. fxe5 dxe5 31. Kf3 R7b6 32. g4 f4 33. Re1 Kf6
34. b3 Rd5 35. Rc4 Rbd6 36. Rce4 Rd3+ 37. Kg2 R6d5 38. Kf2 Rh3 39. Kg2 Rc3 40.
Kf2 Rh3 41. Kg2 Rc3 42. Kf2 Rd2+ 43. Kf1 Rf3+ 44. Kg1 Rff2 45. Rxe5 Rg2+ 46.
Kh1 Rxh2+ 47. Kg1 Rhg2+ 48. Kh1 Rxg4 49. Rh5 Rxa2 50. Rxh7 f3 51. Rh3 Rf4 52.
Rf1 f2 53. Re3 Kf5 54. Kg2 Rb2 55. Rc3 Re2 56. Rc5+ Ke4 57. Rc4+ Ke3 58. Rc3+
Kd2 59. Rc5 Ke3 60. Rc3+ Kd4 61. Rc4+ Ke3 62. Rc3+ Kd2 63. Rc5 1/2-1/2

[Event "4NCL/Div2/IIT2-PER"]
[Site "Rd7-Birmingham"]
[Date "2000.03.25"]
[Round "7.3"]
[White "Cooper, Andrew G"]
[Black "Broomfield, Matthew"]
[Result "1-0"]
[WhiteElo "2132"]
[BlackElo "2166"]
[PlyCount "81"]
[EventDate "2000.03.25"]
[Source "Britbase"]
[SourceDate "2000.01.01"]

1. d4 e6 2. c4 b6 3. e4 Bb7 4. Bd3 Nc6 5. d5 Nb4 6. Be2 Na6 7. a3 exd5 8. cxd5
Nc5 9. Nc3 g6 10. Qd4 Qf6 11. e5 Qg7 12. Bc4 Ne7 13. Nf3 c6 14. O-O cxd5 15.
Nxd5 Nxd5 16. Bxd5 Ne6 17. Qe4 Nc5 18. Qd4 Ne6 19. Qd3 Bc6 20. Bg5 Nxg5 21.
Nxg5 Bxd5 22. Qxd5 Rd8 23. Ne4 Be7 24. Nd6+ Bxd6 25. Qxd6 Qf8 26. Qf6 Rg8 27.
Rac1 g5 28. Rc7 Rg6 29. Qf5 a5 30. Rd1 Qe7 31. Rc3 Kf8 32. Rcd3 Qe6 33. Qe4 Kg8
34. Rd6 Qb3 35. Qf5 Qxb2 36. Rf6 Qb3 37. Rdd6 Qxa3 38. g3 Re8 39. Rxf7 Qc1+ 40.
Kg2 Ree6 41. Rfxd7 1-0

[Event "4NCL/Div2/IIT2-PER"]
[Site "Rd7-Birmingham"]
[Date "2000.03.25"]
[Round "7.4"]
[White "Trent, Lawrence"]
[Black "Howell, Chris"]
[Result "1-0"]
[WhiteElo "2188"]
[BlackElo "2160"]
[PlyCount "123"]
[EventDate "2000.03.25"]
[Source "Britbase"]
[SourceDate "2000.01.01"]

1. e4 c5 2. Nc3 e5 3. Bc4 d6 4. d3 Nf6 5. f4 Nc6 6. Nge2 Be7 7. O-O O-O 8. f5
a6 9. a4 Nb4 10. Ng3 d5 11. Nxd5 Nbxd5 12. exd5 Nxd5 13. Ne4 Nf6 14. Be3 Qc7
15. Nxf6+ Bxf6 16. Qh5 Kh8 17. Rf3 g6 18. Bg5 Bxg5 19. Qxg5 f6 20. fxg6 fxg5
21. Rxf8+ Kg7 22. gxh7 Kxh7 23. Rf7+ Qxf7 24. Bxf7 Bd7 25. a5 Bc6 26. Re1 Kg7
27. Bh5 Rh8 28. Bf3 Bxf3 29. gxf3 Kf6 30. Re4 Ke6 31. Kg2 Kd5 32. Rg4 Rh5 33.
b4 cxb4 34. Rxb4 Rh7 35. Rg4 Rh5 36. c3 Kc5 37. Re4 Kd5 38. Kg3 Rh6 39. Rb4 Rh7
40. Rb6 Rc7 41. c4+ Kd4 42. Rd6+ Ke3 43. Rd5 Re7 44. Kg4 Rh7 45. h3 Rh4+ 46.
Kg3 Rf4 47. Rxe5+ Kxd3 48. Rxg5 Rxc4 49. h4 Rc6 50. h5 b5 51. axb6 Rxb6 52. Rg6
Rb5 53. Kg4 a5 54. h6 Rb8 55. Ra6 Rg8+ 56. Kh5 Ke3 57. Rxa5 Kxf3 58. h7 Rb8 59.
Rg5 Kf4 60. Rg8 Rb5+ 61. Kh4 Rb1 62. Rf8+ 1-0

[Event "4NCL/Div2/IIT2-PER"]
[Site "Rd7-Birmingham"]
[Date "2000.03.25"]
[Round "7.5"]
[White "Lock, Gavin"]
[Black "Hodge, David"]
[Result "0-1"]
[WhiteElo "2079"]
[BlackElo "2117"]
[PlyCount "68"]
[EventDate "2000.03.25"]
[Source "Britbase"]
[SourceDate "2000.01.01"]

1. e4 c5 2. Nf3 d6 3. d4 cxd4 4. Nxd4 Nf6 5. Nc3 a6 6. h3 e5 7. Nde2 b5 8. g4
Be7 9. Bg2 b4 10. Nd5 Nxd5 11. Qxd5 Ra7 12. Be3 Be6 13. Qd2 Rd7 14. Qxb4 d5 15.
Bc5 Nc6 16. Qa3 Bxc5 17. Qxc5 Rc7 18. Qa3 d4 19. Nc1 h5 20. gxh5 Rxh5 21. Ne2
a5 22. Ng3 Rh6 23. Nf5 Bxf5 24. exf5 Nb4 25. O-O Nxc2 26. Qa4+ Qd7 27. Qxd7+
Kxd7 28. Rac1 Rh4 29. a3 d3 30. Rfd1 Rd4 31. Bf1 e4 32. f3 Ne3 33. Rxc7+ Kxc7
34. Re1 d2 0-1

[Event "4NCL/Div2/IIT2-PER"]
[Site "Rd7-Birmingham"]
[Date "2000.03.25"]
[Round "7.6"]
[White "Frost, Nick"]
[Black "Garner, David"]
[Result "1/2-1/2"]
[WhiteElo "2109"]
[BlackElo "2123"]
[PlyCount "74"]
[EventDate "2000.03.25"]
[Source "Britbase"]
[SourceDate "2000.01.01"]

1. e4 e6 2. d4 d5 3. e5 c5 4. c3 Nc6 5. Nf3 Bd7 6. Be2 f6 7. O-O cxd4 8. cxd4
fxe5 9. Nxe5 Nxe5 10. dxe5 Bc5 11. Bd3 Qh4 12. Nc3 Nh6 13. Bxh6 Qxh6 14. Qf3 a6
15. Rad1 Qg5 16. g3 Bc6 17. h4 Qe7 18. Qh5+ Qf7 19. Qxf7+ Kxf7 20. Ne2 Bb5 21.
Kg2 Bxd3 22. Rxd3 Rac8 23. f4 g6 24. g4 Ba7 25. Nc3 Rc4 26. Kg3 h5 27. b3 Rd4
28. Rxd4 Bxd4 29. Ne2 Bb2 30. Rb1 Ba3 31. gxh5 gxh5 32. Kf3 Rc8 33. b4 Rc4 34.
Rb3 Bc1 35. Rb1 Ba3 36. Rb3 Bc1 37. Rb1 Ba3 1/2-1/2

[Event "4NCL/Div2/IIT2-PER"]
[Site "Rd7-Birmingham"]
[Date "2000.03.25"]
[Round "7.7"]
[White "Stille, Alex"]
[Black "Klein, Bernhard"]
[Result "0-1"]
[WhiteElo "1768"]
[BlackElo "2069"]
[PlyCount "36"]
[EventDate "2000.03.25"]
[Source "Britbase"]
[SourceDate "2000.01.01"]

1. e4 e5 2. Nf3 Nc6 3. d4 exd4 4. Nxd4 Bc5 5. Be3 Qf6 6. c3 Nge7 7. Bc4 d6 8.
O-O Ne5 9. Be2 Qg6 10. Bh5 Qxe4 11. Nd2 Qh4 12. h3 O-O 13. f4 N5c6 14. Bf2 Bxd4
15. Bxd4 Nxd4 16. cxd4 Nf5 17. Ne4 Ne3 18. Qe1 Qxe1 0-1

[Event "4NCL/Div2/IIT2-PER"]
[Site "Rd7-Birmingham"]
[Date "2000.03.25"]
[Round "7.8"]
[White "Wilson, Alexandra"]
[Black "Barraclough, Stephanie"]
[Result "1-0"]
[WhiteElo "1552"]
[BlackElo "1160"]
[PlyCount "123"]
[EventDate "2000.03.25"]
[Source "Britbase"]
[SourceDate "2000.01.01"]

1. e4 d5 2. exd5 Nf6 3. d4 Nxd5 4. c4 Nb6 5. Nf3 Bf5 6. Nc3 e6 7. Bd3 Bxd3 8.
Qxd3 Nc6 9. a3 Na5 10. c5 Nd5 11. b4 Nc6 12. Nxd5 Qxd5 13. Bf4 Qd7 14. Rd1 Rd8
15. O-O b6 16. Qe2 Be7 17. b5 Na5 18. c6 Qc8 19. Qe5 O-O 20. Qxc7 Qxc7 21. Bxc7
Rc8 22. Bg3 Bxa3 23. d5 exd5 24. Rxd5 a6 25. c7 axb5 26. Rxb5 Bc5 27. Rd1 Nb7
28. Rd7 f5 29. Be5 Rf7 30. Rxf7 Kxf7 31. Rb1 Bd6 32. Bxd6 Nxd6 33. Rxb6 Rxc7
34. Rb1 Nb5 35. Kf1 Nd6 36. Rd1 Ke7 37. Re1+ Kf6 38. Nd4 g6 39. Re6+ Kf7 40.
Rxd6 Ke7 41. Re6+ Kf7 42. Re1 Rd7 43. Nf3 Kf6 44. Rc1 h6 45. Rc6+ Kg7 46. Ne5
Rd1+ 47. Ke2 Rd5 48. Nxg6 Kh7 49. h4 Ra5 50. h5 Ra2+ 51. Ke3 Ra3+ 52. Kf4 Ra2
53. Kg3 Ra3+ 54. f3 Kg7 55. Ne7 Ra5 56. Rg6+ Kh7 57. Kf4 Ra4+ 58. Kxf5 Ra5+ 59.
Kg4 Ra4+ 60. f4 Ra2 61. g3 Ra7 62. Nf5 1-0

[Event "4NCL/Div2/NID-KH"]
[Site "Rd7-Birmingham"]
[Date "2000.03.25"]
[Round "7.1"]
[White "Fish, Andrew"]
[Black "Thomas, Richard"]
[Result "0-1"]
[WhiteElo "2116"]
[BlackElo "2265"]
[PlyCount "92"]
[EventDate "2000.03.25"]
[Source "Britbase"]
[SourceDate "2000.01.01"]

1. e4 e5 2. d4 exd4 3. Qxd4 Nc6 4. Qe3 b6 5. Nc3 Bb7 6. Bd2 g6 7. Nd5 Bg7 8.
Bc3 f6 9. O-O-O d6 10. g3 Nce7 11. Kb1 Nxd5 12. exd5+ Qe7 13. Bb5+ Kf8 14. Qd3
a6 15. Ba4 f5 16. Nf3 Nf6 17. Rhe1 Ne4 18. Bd4 Qf7 19. c4 Bf6 20. Re2 Nc5 21.
Qc2 Bxd4 22. Nxd4 b5 23. Bb3 bxc4 24. Bxc4 Re8 25. Rde1 Rxe2 26. Qxe2 Bxd5 27.
Bxd5 Qxd5 28. Qe7+ Kg8 29. Qe8+ Kg7 30. Re7+ Kf6 31. Qxh8+ Kxe7 32. Qxh7+ Kd8
33. Qh4+ Kc8 34. Qf4 Ne4 35. f3 Qxd4 36. fxe4 Qxe4+ 37. Kc1 Qxf4+ 38. gxf4 c5
39. Kd2 Kd7 40. Kd3 Kc6 41. Kc4 d5+ 42. Kd3 Kb5 43. Kc3 a5 44. h3 a4 45. a3 d4+
46. Kd3 Kc6 0-1

[Event "4NCL/Div2/NID-KH"]
[Site "Rd7-Birmingham"]
[Date "2000.03.25"]
[Round "7.2"]
[White "McMichael, Rick"]
[Black "Johnston, Dafydd"]
[Result "1/2-1/2"]
[WhiteElo "2261"]
[BlackElo "2170"]
[PlyCount "42"]
[EventDate "2000.03.25"]
[Source "Britbase"]
[SourceDate "2000.01.01"]

1. c4 e5 2. g3 Nf6 3. Bg2 Nc6 4. Nc3 Bb4 5. d3 O-O 6. e4 d6 7. Nge2 a5 8. O-O
Bc5 9. h3 Nd4 10. Kh2 Re8 11. f4 exf4 12. Nxf4 c6 13. Nh5 Nxh5 14. Qxh5 Qe7 15.
Be3 Be6 16. Rf2 f6 17. Raf1 Bf7 18. Qg4 Kh8 19. h4 Qe5 20. Bf4 Bh5 21. Qh3 Qe6
1/2-1/2

[Event "4NCL/Div2/NID-KH"]
[Site "Rd7-Birmingham"]
[Date "2000.03.25"]
[Round "7.3"]
[White "Jones, Richard S"]
[Black "Mackenzie, Colin"]
[Result "1/2-1/2"]
[WhiteElo "2076"]
[BlackElo "2138"]
[PlyCount "135"]
[EventDate "2000.03.25"]
[Source "Britbase"]
[SourceDate "2000.01.01"]

1. e4 e6 2. d4 d5 3. Nd2 c5 4. exd5 exd5 5. Ngf3 Nc6 6. Be2 cxd4 7. Nb3 Bb4+ 8.
Bd2 Bd6 9. Nbxd4 Nge7 10. O-O O-O 11. Bc3 a6 12. Re1 Qc7 13. g3 Bd7 14. Qd2 h6
15. Bf1 Rfe8 16. Rad1 Bg4 17. Bg2 Ne5 18. h3 Nc4 19. Qc1 Bh5 20. b3 Ne5 21. Ba1
Rac8 22. Qb2 f6 23. g4 Bf7 24. Nh4 Qa5 25. a4 b5 26. axb5 axb5 27. Qc1 N5g6 28.
Nhf5 Nxf5 29. Nxf5 Ba3 30. Qb1 Rxe1+ 31. Rxe1 Nf4 32. Re3 Nxg2 33. Kxg2 Bc5 34.
Re2 Qb6 35. Qe1 d4 36. Qd2 Bd5+ 37. Kg1 Bf3 38. Re1 Rd8 39. b4 Bf8 40. Bxd4 Bb7
41. Bxb6 Rxd2 42. c3 Rd3 43. Kh2 g6 44. Ng3 Rxc3 45. Re6 Rc6 46. Rxc6 Bxc6 47.
Ba5 Bd6 48. Kg1 Kf7 49. Kf1 Bf3 50. Ne2 Bxe2+ 51. Kxe2 Ke6 52. f3 f5 53. Kd3
Kd5 54. gxf5 gxf5 55. Kd2 Kc4 56. Ke3 Kc3 57. Bd8 Kxb4 58. Kd4 Kb3 59. Kd5 Bg3
60. Ba5 b4 61. f4 Bxf4 62. Ke6 Kc4 63. Bxb4 Kxb4 64. Kxf5 Bd2 65. Kg4 Kc4 66.
Kf3 Kd3 67. Kg2 Ke2 68. h4 1/2-1/2

[Event "4NCL/Div2/NID-KH"]
[Site "Rd7-Birmingham"]
[Date "2000.03.25"]
[Round "7.4"]
[White "O'Shaughnessy, Conor"]
[Black "Gandy, Andrew"]
[Result "1-0"]
[WhiteElo "2195"]
[BlackElo "2085"]
[PlyCount "45"]
[EventDate "2000.03.25"]
[Source "Britbase"]
[SourceDate "2000.01.01"]

1. e4 c5 2. Nf3 Nc6 3. c3 d5 4. exd5 Qxd5 5. d4 cxd4 6. cxd4 Nf6 7. Nc3 Qd6 8.
Be3 e6 9. a3 Be7 10. Bd3 O-O 11. O-O b6 12. Rc1 Bb7 13. Qe2 Rac8 14. Rfd1 Rfd8
15. Bb1 Qb8 16. Bg5 h6 17. Bh4 Na5 18. Ba2 Re8 19. Ne5 Nd5 20. Qh5 f5 21. Qf7+
Kh7 22. Qxe6 Bxh4 23. Qxf5+ 1-0

[Event "4NCL/Div2/NID-KH"]
[Site "Rd7-Birmingham"]
[Date "2000.03.25"]
[Round "7.5"]
[White "Tabatabai, John"]
[Black "Gilfillan, Andrew"]
[Result "1-0"]
[WhiteElo "2006"]
[BlackElo "1976"]
[PlyCount "57"]
[EventDate "2000.03.25"]
[Source "Britbase"]
[SourceDate "2000.01.01"]

1. e4 d5 2. exd5 Nf6 3. c4 e6 4. dxe6 Bxe6 5. d4 Bb4+ 6. Nc3 Ne4 7. a3 Nxc3 8.
Qd2 Ne2 9. axb4 Nxd4 10. Qc3 Nbc6 11. Ne2 Qh4 12. Nxd4 Nxd4 13. Be3 Nf5 14. Be2
O-O 15. O-O Nxe3 16. Qxe3 a6 17. Qc3 Rfe8 18. b3 Bg4 19. Bf3 Bxf3 20. Qxf3 Qe4
21. Qc3 h6 22. Rfe1 Qc6 23. Rad1 Rad8 24. Rxe8+ Rxe8 25. Qd3 Qe6 26. g3 Qe5 27.
Qf3 Qb2 28. Rd7 Qb1+ 29. Kg2 1-0

[Event "4NCL/Div2/NID-KH"]
[Site "Rd7-Birmingham"]
[Date "2000.03.25"]
[Round "7.6"]
[White "Compton, Alistair"]
[Black "Musson, Adam"]
[Result "1-0"]
[WhiteElo "2093"]
[BlackElo "2077"]
[PlyCount "43"]
[EventDate "2000.03.25"]
[Source "Britbase"]
[SourceDate "2000.01.01"]

1. e4 c5 2. Nf3 e6 3. Nc3 Nc6 4. d4 cxd4 5. Nxd4 Qb6 6. Nb3 a6 7. Be3 Qc7 8.
Na4 b5 9. Nb6 Rb8 10. Nxc8 Rxc8 11. Bd3 Nf6 12. O-O d6 13. a4 Rb8 14. axb5 axb5
15. Qe2 b4 16. Bb5 Nd7 17. Ra6 Nd8 18. Ra7 Nb7 19. Na5 Qxa5 20. Rxa5 Nxa5 21.
Ra1 Nb7 22. Ra7 1-0

[Event "4NCL/Div2/NID-KH"]
[Site "Rd7-Birmingham"]
[Date "2000.03.25"]
[Round "7.7"]
[White "Downey, Kevin"]
[Black "McKeown, Paul"]
[Result "1/2-1/2"]
[WhiteElo "1926"]
[BlackElo "1824"]
[PlyCount "156"]
[EventDate "2000.03.25"]
[Source "Britbase"]
[SourceDate "2000.01.01"]

1. c4 e5 2. Nc3 Nf6 3. Nf3 Nc6 4. a3 d6 5. d3 g6 6. g3 Bg7 7. Bg2 Be6 8. O-O
O-O 9. Bd2 Ne7 10. c5 h6 11. Rc1 Nc6 12. cxd6 cxd6 13. b4 a6 14. h3 Rc8 15. Be3
Nd5 16. Nxd5 Bxd5 17. Qd2 Kh7 18. Ng5+ hxg5 19. Bxd5 Bf6 20. Kg2 Kg7 21. Rh1
Rh8 22. a4 Qe7 23. b5 axb5 24. axb5 Nd4 25. Bxd4 exd4 26. Rc2 Rc5 27. Rxc5 dxc5
28. Bc4 Re8 29. Re1 Qc7 30. Qa2 Qd7 31. Qa7 Rh8 32. Rh1 Rc8 33. Qa4 Qd6 34. Qb3
Rc7 35. Bd5 Re7 36. Bf3 Rd7 37. Ra1 Bd8 38. Ra8 Bb6 39. Qa4 Re7 40. Rc8 Qd7 41.
Qa8 Qxb5 42. Rh8 Qd7 43. Qf8+ Kf6 44. Rg8 Ke5 45. Qg7+ Kd6 46. Qh8 Qe6 47. Ra8
Qd7 48. Rb8 Qe6 49. Rxb7 Rxb7 50. Bxb7 Qxe2 51. Qf6+ Qe6 52. Qxg5 Qe5 53. Qh6
Qf6 54. Qc1 Ke7 55. Qc4 Kf8 56. Qb5 Qd6 57. h4 Bd8 58. Bf3 Be7 59. h5 gxh5 60.
Bxh5 Qe5 61. Bf3 Kg7 62. Qc4 Qf6 63. Be4 Qe5 64. f4 Qf6 65. Qd5 Bd6 66. Qh5 Kf8
67. Kf3 Ke7 68. Qh2 Qg7 69. g4 Qf6 70. Qg3 Qh6 71. g5 Qh5+ 72. Kf2 Qd1 73. Qf3
Qd2+ 74. Kg3 Qe1+ 75. Kg4 Qg1+ 76. Qg3 Qd1+ 77. Qf3 Qg1+ 78. Qg3 Qd1+ 1/2-1/2

[Event "4NCL/Div2/NID-KH"]
[Site "Rd7-Birmingham"]
[Date "2000.03.25"]
[Round "7.8"]
[White "Kelly, Alexandra"]
[Black "Wilson, Julie"]
[Result "1-0"]
[WhiteElo "1576"]
[BlackElo "1685"]
[PlyCount "77"]
[EventDate "2000.03.25"]
[Source "Britbase"]
[SourceDate "2000.01.01"]

1. e4 e6 2. d4 d5 3. Nc3 Bb4 4. e5 c5 5. Bd2 a6 6. Na4 Bxd2+ 7. Qxd2 cxd4 8.
Ne2 Nc6 9. f4 Nge7 10. Nxd4 Nxd4 11. Qxd4 Nf5 12. Qd2 Bd7 13. Nc3 Rc8 14. Bd3
Nh4 15. Qf2 Bc6 16. O-O f5 17. exf6 Qxf6 18. Rae1 O-O 19. Qe2 Rce8 20. Qe5 Qh6
21. a3 Nf5 22. Rf3 Rf6 23. Ref1 Qg6 24. Rg3 Qf7 25. Rh3 Rg6 26. Ne2 Rg4 27.
Rff3 Nh4 28. Rfg3 Rxg3 29. Nxg3 Ng6 30. Bxg6 Qxg6 31. Nh5 Re7 32. Rg3 Qh6 33.
Qb8+ Re8 34. Qc7 Kh8 35. Qxg7+ Qxg7 36. Rxg7 Rf8 37. Re7 Re8 38. Rf7 Rg8 39.
Nf6 1-0

[Event "4NCL/Div2/SCS-BCCA"]
[Site "Rd7-Birmingham"]
[Date "2000.03.25"]
[Round "7.1"]
[White "Greet, Andrew"]
[Black "Carleton, John"]
[Result "1-0"]
[WhiteElo "2238"]
[BlackElo "2267"]
[PlyCount "65"]
[EventDate "2000.03.25"]
[Source "Britbase"]
[SourceDate "2000.01.01"]

1. e4 Nf6 2. e5 Nd5 3. d4 d6 4. c4 Nb6 5. exd6 cxd6 6. Nc3 g6 7. a4 Bg7 8. a5
N6d7 9. Nf3 O-O 10. Be2 e5 11. O-O Nc6 12. d5 Ne7 13. Ra3 a6 14. b4 Nf5 15. Ne4
Qc7 16. c5 Nf6 17. Nfg5 Rd8 18. Nxf6+ Bxf6 19. Ne4 Be7 20. Bb2 Nd4 21. Bxd4
exd4 22. Qxd4 Bf5 23. cxd6 Bxd6 24. Nf6+ Kf8 25. Nxh7+ Kg8 26. Nf6+ Kf8 27.
Nh7+ Kg8 28. Nf6+ Kf8 29. Ng4 Bxg4 30. Qh8+ Ke7 31. Re3+ Kd7 32. Bxg4+ f5 33.
Qg7+ 1-0

[Event "4NCL/Div2/SCS-BCCA"]
[Site "Rd7-Birmingham"]
[Date "2000.03.25"]
[Round "7.2"]
[White "Toothill, John"]
[Black "Clark, Stephen"]
[Result "1/2-1/2"]
[WhiteElo "2226"]
[BlackElo "2132"]
[PlyCount "41"]
[EventDate "2000.03.25"]
[Source "Britbase"]
[SourceDate "2000.01.01"]

1. e4 d5 2. exd5 Nf6 3. d4 Bg4 4. Be2 Bxe2 5. Qxe2 Qxd5 6. Nf3 e6 7. O-O Nc6 8.
Nc3 Qf5 9. Be3 O-O-O 10. Rfd1 h6 11. Qd3 Qxd3 12. Rxd3 Nb4 13. Rd2 Be7 14. Ne5
Rhf8 15. a3 Nbd5 16. Nxd5 Nxd5 17. Rad1 Nxe3 18. fxe3 Bf6 19. Nf3 c5 20. c4
cxd4 21. exd4 1/2-1/2

[Event "4NCL/Div2/SCS-BCCA"]
[Site "Rd7-Birmingham"]
[Date "2000.03.25"]
[Round "7.3"]
[White "Rattray, Ross"]
[Black "Wise, David"]
[Result "0-1"]
[WhiteElo "2109"]
[BlackElo "2145"]
[PlyCount "70"]
[EventDate "2000.03.25"]
[Source "Britbase"]
[SourceDate "2000.01.01"]

1. e4 c5 2. Nf3 Nc6 3. d4 cxd4 4. Nxd4 Nf6 5. Nc3 e5 6. Ndb5 d6 7. Nd5 Nxd5 8.
exd5 Nb8 9. c4 Nd7 10. Be2 Be7 11. O-O O-O 12. Be3 a6 13. Nc3 f5 14. f3 Qe8 15.
b4 f4 16. Bf2 Rf6 17. g4 fxg3 18. hxg3 Rh6 19. Kg2 Nf6 20. Rh1 Rxh1 21. Qxh1
Qg6 22. Kf1 Bf5 23. Rd1 Nd7 24. Ne4 Bxe4 25. fxe4 Rf8 26. Bf3 Rc8 27. Bh5 Qh6
28. Qf3 Nf6 29. Qf5 Rxc4 30. Qe6+ Kh8 31. Be2 Qh1+ 32. Bg1 Rc7 33. g4 Nxe4 34.
Bd3 Qf3+ 35. Ke1 Bh4+ 0-1

[Event "4NCL/Div2/SCS-BCCA"]
[Site "Rd7-Birmingham"]
[Date "2000.03.25"]
[Round "7.4"]
[White "Spence, David"]
[Black "Bigg, Andrew"]
[Result "1/2-1/2"]
[WhiteElo "2160"]
[BlackElo "2163"]
[PlyCount "110"]
[EventDate "2000.03.25"]
[Source "Britbase"]
[SourceDate "2000.01.01"]

1. e4 e6 2. d4 d5 3. Nc3 Bb4 4. e5 c5 5. a3 Bxc3+ 6. bxc3 Ne7 7. Qg4 Qc7 8.
Qxg7 Rg8 9. Qxh7 cxd4 10. Ne2 Nbc6 11. f4 Bd7 12. Qd3 dxc3 13. Ng3 O-O-O 14.
Qxc3 Qb6 15. Qb2 Qc5 16. Rb1 b6 17. Bd2 Kb8 18. Qc3 Qxc3 19. Bxc3 Ng6 20. Nh5
Rh8 21. Be2 d4 22. Bb4 Nxb4 23. Rxb4 Bc6 24. Kf2 Be4 25. Rc1 Bb7 26. Rd1 Rc8
27. Rd2 Rc3 28. Rbxd4 Rxa3 29. Rd8+ Rxd8 30. Rxd8+ Kc7 31. Rd4 a5 32. Nf6 Bc6
33. g3 Ra2 34. Rd2 a4 35. Ke3 Rb2 36. c3 Rb3 37. Kd4 Ne7 38. g4 Ng6 39. f5 exf5
40. gxf5 Nh4 41. Bg4 b5 42. e6 fxe6 43. fxe6 Ng6 44. h4 b4 45. h5 bxc3 46. Rc2
Rb4+ 47. Kxc3 Rf4 48. hxg6 Rxf6 49. e7 Rxg6 50. Kb2 Rg8 51. Bh5 Kd6 52. Ka3 Be8
53. Rd2+ Kxe7 54. Re2+ Kd7 55. Bxe8+ Rxe8 1/2-1/2

[Event "4NCL/Div2/SCS-BCCA"]
[Site "Rd7-Birmingham"]
[Date "2000.03.25"]
[Round "7.5"]
[White "Noakes, Matthew"]
[Black "Savory, Richard"]
[Result "0-1"]
[WhiteElo "2056"]
[BlackElo "2100"]
[PlyCount "64"]
[EventDate "2000.03.25"]
[Source "Britbase"]
[SourceDate "2000.01.01"]

1. d4 d5 2. c4 c6 3. Nc3 Nf6 4. e3 e6 5. Bd3 Nbd7 6. Nf3 dxc4 7. Bxc4 b5 8. Bd3
Bb7 9. O-O Be7 10. Ne4 a6 11. Nxf6+ Nxf6 12. b3 O-O 13. Bb2 c5 14. Qe2 cxd4 15.
Nxd4 Qd5 16. f3 Rfd8 17. Rfd1 Qh5 18. Qf2 Bd6 19. h3 Rd7 20. Ne2 Rad8 21. Bc2
Nd5 22. Ng3 Qh6 23. Nf1 Nb4 24. a3 Nxc2 25. Qxc2 Rc8 26. Qe2 Bd5 27. Rd3 Rdc7
28. e4 Rc2 29. Qd1 Rxb2 30. exd5 Rcc2 31. dxe6 Rxg2+ 32. Kh1 Qxh3+ 0-1

[Event "4NCL/Div2/SCS-BCCA"]
[Site "Rd7-Birmingham"]
[Date "2000.03.25"]
[Round "7.6"]
[White "Hardman, Michael"]
[Black "Deva, Chetan"]
[Result "1-0"]
[WhiteElo "2008"]
[BlackElo "2098"]
[PlyCount "77"]
[EventDate "2000.03.25"]
[Source "Britbase"]
[SourceDate "2000.01.01"]

1. d4 Nf6 2. Nf3 g6 3. g3 Bg7 4. Bg2 O-O 5. c4 d6 6. O-O Nbd7 7. Nc3 c6 8. e4
e5 9. b3 Qc7 10. Bb2 Re8 11. Re1 Nf8 12. d5 h6 13. Rc1 N6d7 14. dxc6 bxc6 15.
Qd2 Nc5 16. b4 Nce6 17. b5 Rb8 18. bxc6 Qxc6 19. Nd5 Nc5 20. Ba1 f5 21. exf5
Qd7 22. f6 Bh8 23. Qxh6 Qh7 24. Qe3 Nfe6 25. Rb1 Ba6 26. Rxb8 Rxb8 27. Rc1 Kf7
28. Bxe5 dxe5 29. Nxe5+ Kf8 30. Be4 Nxe4 31. Qxe4 Qh6 32. Re1 Bc8 33. Nxg6+ Kf7
34. Ne5+ Kf8 35. Qg6 Qxg6 36. Nxg6+ Kg8 37. Nde7+ Kh7 38. Nxh8 Kxh8 39. Nxc8
1-0

[Event "4NCL/Div2/SCS-BCCA"]
[Site "Rd7-Birmingham"]
[Date "2000.03.25"]
[Round "7.7"]
[White "Lutton, Ezra"]
[Black "Teran, Carlos"]
[Result "1/2-1/2"]
[WhiteElo "1752"]
[BlackElo "2008"]
[PlyCount "55"]
[EventDate "2000.03.25"]
[Source "Britbase"]
[SourceDate "2000.01.01"]

1. e4 c5 2. Nc3 d6 3. f4 a6 4. Nf3 Nf6 5. Be2 Nc6 6. O-O Nd4 7. d3 e6 8. Nxd4
cxd4 9. Nb1 Be7 10. Qe1 Nd7 11. Nd2 Bh4 12. g3 Be7 13. Qf2 O-O 14. Qxd4 d5 15.
Kh1 Bc5 16. Qc3 d4 17. Qb3 a5 18. c4 a4 19. Qd1 b5 20. cxb5 Qb6 21. Nc4 Qxb5
22. Bf3 Nb6 23. Nxb6 Bxb6 24. f5 Ba6 25. Be2 exf5 26. Rxf5 Qc6 27. Bf3 Rac8 28.
e5 1/2-1/2

[Event "4NCL/Div2/SCS-BCCA"]
[Site "Rd7-Birmingham"]
[Date "2000.03.25"]
[Round "7.8"]
[White "Khoo, Teresa"]
[Black "Partington, Anna"]
[Result "1/2-1/2"]
[WhiteElo "1456"]
[BlackElo "1496"]
[PlyCount "119"]
[EventDate "2000.03.25"]
[Source "Britbase"]
[SourceDate "2000.01.01"]

1. e4 d5 2. exd5 Nf6 3. d4 Nxd5 4. Nf3 g6 5. Bd3 Bg7 6. c3 c6 7. O-O O-O 8. Re1
Nd7 9. a4 a5 10. Na3 b6 11. Nc2 Bb7 12. Rb1 e6 13. Bd2 c5 14. Bb5 cxd4 15.
Ncxd4 Nc7 16. Bc6 Bxc6 17. Nxc6 Qe8 18. Bf4 Nc5 19. Bxc7 Qxc6 20. Qd6 Qxd6 21.
Bxd6 Rfd8 22. Bc7 Rd7 23. Bxb6 Nxa4 24. Bd4 Rb7 25. Bxg7 Kxg7 26. b3 Nxc3 27.
Rb2 a4 28. Nd2 a3 29. Rc2 a2 30. Ra1 Ne2+ 31. Kf1 Nd4 32. Rcxa2 Rxa2 33. Rxa2
Nxb3 34. Nxb3 Rxb3 35. Ke2 Rb1 36. Kf3 h5 37. h4 Rb4 38. g3 f5 39. Ra7+ Kf6 40.
Ra8 Rg4 41. Ra6 f4 42. Rb6 fxg3 43. fxg3 Rc4 44. Ra6 Kf5 45. Ra5+ e5 46. Rb5
Rc3+ 47. Kf2 Rd3 48. Ra5 Ke4 49. Ra4+ Rd4 50. Ra2 Rd6 51. Ra4+ Kf5 52. Ra5 Re6
53. Kf3 g5 54. hxg5 Kxg5 55. Ra8 e4+ 56. Ke3 Kg4 57. Rg8+ Kh3 58. Rg5 Re8 59.
Rxh5+ Kxg3 60. Rg5+ 1/2-1/2